000 00479nam a2200133Ia 4500
008 100328s9999 xx 000 0 und d
082 _b36737
100 _aटिळक लक्ष्मीबाई
245 _aसंपूर्ण स्मृतीचित्रे
260 _bपॉप्युलर
630 _aसंपूर्ण स्मृतीचित्रे
730 _aसंपूर्ण स्मृतीचित्रे
942 _cBOOK
999 _c526323
_d526320